00720nam a2200229Ia 4500008004000000020001500040041000800055082001900063100001800082245003800100260003700138300001000175650001000185650001600195650001200211650001200223690002500235700002400260906001100284999001900295952017600314210210b2005 xxu||||| |||| 00| 0 eng d a1859962548 aeng a616.01076 IRVI aIRVING (Will) aInstant notes medical microiology aNew YorkbTaylor & Francisc2005 ax,350 anotes amicroiology amedical aInstant aMedical Microbiology aALA ALDEEN (Dlawer) a064839 c142023d142023 001040708MicrobiologyaALbALcMedical Scienced2021-02-17eBiblios Book Point, Surathkal-575014g375.00l0o616.01076 IRVIp064839r2021-02-17 00:00:00w2021-02-17yBK